Detalles MARC
| 000 -LIDER |
| fixed length control field |
00872nam a22002177a 4500 |
| 003 - IDENTIFICACDOR DE NÚMERO DE CONTROL |
| control field |
DO-SdBNP |
| 005 - DATE AND TIME OF LATEST TRANSACTION |
| control field |
20180510142407.0 |
| 008 - ELEMENTOS DE LONGITUD FIJA |
| fixed length control field |
171123b mxu||||| |||| 00| 0 spa d |
| 040 ## - FUENTE DE CATALOGACIÓN |
| Agencia que crea de manera original el registro |
BPMSU |
| Idioma de catalogación |
spa |
| Agencia que realiza la transcripción |
BMPSU |
| 100 ## - ASIENTO PRINCIPAL -- NOMBRE PERSONAL |
| Nombre personal |
Spencer, Milton H. |
| 240 ## - TITULO UNIFORME |
| Título uniforme |
Managerial economics : decision making and forward planning |
| 245 ## - MENCIÓN DE TITULO |
| Título |
Economía de la administración de empresas: |
| Subtítulo |
adopción de decisiones y planeación / |
| Mención de responsabilidad |
Milton H. Spencer, Louis Siegelman , traducción de Clementina Z. de Eguihua |
| 246 ## - VARIACION DEL TÍTULO |
| Título propiamente dicho o título corto |
Incluye índice |
| 260 ## - PUBLICACIÓN, DISTRIBUCIÓN, ETC. (PIE DE IMPRENTA) |
| Lugar de publicación, distribución, etc |
México, D.F.: |
| Nombre del editor, distribuidor, etc. |
Unión Tipográfica Editorial Hispano Americana, |
| Fecha de publicación, distribución, etc |
1963 |
| 500 ## - NOTA GENERAL |
| Nota general |
Incluye referencias bibliográficas y notas al pie de las paginas |
| 700 1# - ASIENTO SECUNDARIO -- NOMBRE PERSONAL |
| Nombre personal |
Eguihua, Clementina Z. de |
| Mención de responsabilidad |
trad. |
| 700 1# - ASIENTO SECUNDARIO -- NOMBRE PERSONAL |
| Nombre personal |
Siegelman, Louis |
| 700 1# - ASIENTO SECUNDARIO -- NOMBRE PERSONAL |
| Nombre personal |
Eguihua, Clementina Z. de |
| 942 ## - ADDED ENTRY ELEMENTS (KOHA) |
| Source of classification or shelving scheme |
Dewey Decimal Classification |
| Koha item type |
Libros |
| 945 ## - INFORMACIÓN DE PROCESAMIENTO LOCAL |
| Información de procesamiento local |
Inventariado, 2017/MFF |